header

Restoring the Middle Ebro floodplains (Record no. 172286)

MARC details
000 -LEADER
fixed length control field 01450nam a2200349Ia 4500
082 04 - DEWEY DECIMAL CLASSIFICATION NUMBER
Classification number 627/.1209465
100 1# - MAIN ENTRY--AUTHOR NAME
Personal name Cabezas, Alvaro.
245 10 - TITLE STATEMENT
Title Restoring the Middle Ebro floodplains
260 ## - PUBLICATION, DISTRIBUTION, ETC. (IMPRINT)
Place of publication New York :
Name of publisher Nova Science,
Year of publication c2010.
300 ## - PHYSICAL DESCRIPTION
Number of Pages 65 p. :
Other physical details ill., maps.
490 1# - SERIES STATEMENT
Series statement Environmental remediation technologies, regulations and safety series
650 #0 - SUBJECT ADDED ENTRY--TOPICAL TERM
Topical Term Floodplain management
Topical Term Stream restoration
856 40 - ELECTRONIC LOCATION AND ACCESS
Uniform Resource Identifier http://site.ebrary.com/lib/rucke/Doc?id=10662726

No items available.

© 2026 Rongo University
Contact us: librarian | system librarian | Rongo university